Querelle di Brest ; Pompe funebri /

में बचाया:
ग्रंथसूची विवरण
मुख्य लेखक: Genet, Jean
अन्य लेखक: Caproni, Giorgio, Poli, Gianni
स्वरूप: पुस्तक
प्रकाशित: Milano Mondadori 1984
श्रृंखला:Oscar Narrativa
टैग: टैग जोड़ें
कोई टैग नहीं, इस रिकॉर्ड को टैग करने वाले पहले व्यक्ति बनें!

MARC

LEADER 00000nam a22000007i 4500
001 CDOM0000001885
003 mi
005 20251012202000.0
008 180327s1981 it |||||| |1|||1|||||c
040 |c mi 
100 |a Genet, Jean 
245 1 |a Querelle di Brest ; Pompe funebri /  |c Jean Genet ; traduzione di Giorgio Caproni ; introduzione di Gianni Poli. 
260 |a Milano  |b Mondadori  |c 1984 
300 |a 336 p. ;  |c 19 cm. 
490 |a Oscar Narrativa 
700 |a Caproni, Giorgio 
700 |a Poli, Gianni 
942 |2 ddc  |c BK 
952 |0 0  |1 0  |2 ddc  |4 0  |6 B_LNR02GENJEQUE11  |7 0  |9 5684  |a MI  |b MI  |d 1987-07-23  |i 398  |l 0  |o B-LNR02-GENJE-QUE11  |p CDOM398  |r 2025-07-13 16:28:00  |w 2025-07-13  |x DONO  |y BK 
999 |c 4529  |d 4529